| 000 | 00438nam a22001217a 4500 | ||
|---|---|---|---|
| 082 | _a200 THE | ||
| 100 |
_aFurqan Haider Qureshi _970542 |
||
| 245 | _aTH-SOF-1033-PERFORMANCE EVALUATION OF TRIANGULAR QUADRATURE AMPLITUDE MODULATION OVER FADING CHANNELS AND DIVERSITY RECEPTION SCHEMES | ||
| 260 |
_aISLAMABAD _bNUST COLLEGE OF EME _c2014 |
||
| 650 | _a MS-ELECT- 71 MSTHESIS | ||
| 700 | _aSUPERVISOR Dr. Shahzad Amin Sheikh | ||
| 942 | _cCF | ||
| 999 |
_c577511 _d577511 |
||